Doprava a trh v nové ekonomice
Charakteristika ekonomiky dopravy a dopravného systému. Predpoklady vývoja dopytu a ponuky po preprave. Prepravné služby ako faktor rozvoja spoločnosti a podnikov. Špecifikácia nevyhnutnej úrovne prepravných služieb v spoločnosti. Metodologia a perspektívy dopravy založenej na harmonizovaných podmi...
Gespeichert in:
| 1. Verfasser: | |
|---|---|
| Format: | Buchkapitel |
| Sprache: | Tschechisch |
| Schlagworte: | |
| Tags: |
Keine Tags, Fügen Sie das erste Tag hinzu!
|
MARC
| LEADER | 00000nla$a2200000$$$4500 | ||
|---|---|---|---|
| 001 | 0125257 | ||
| 005 | 20231121095022.1 | ||
| 041 | 0 | |a cze | |
| 044 | |a CZ | ||
| 245 | 1 | 0 | |a Doprava a trh v nové ekonomice |c Jan Eisler |
| 520 | |a Charakteristika ekonomiky dopravy a dopravného systému. Predpoklady vývoja dopytu a ponuky po preprave. Prepravné služby ako faktor rozvoja spoločnosti a podnikov. Špecifikácia nevyhnutnej úrovne prepravných služieb v spoločnosti. Metodologia a perspektívy dopravy založenej na harmonizovaných podmienkach dopravných podnikov a vytvorenie racionálnych proporcií prepravných služieb. | ||
| 610 | 2 | 0 | |a doprava |
| 610 | 2 | 0 | |a služby dopravné |
| 610 | 2 | 0 | |a harmonizácia |
| 610 | 2 | 0 | |a podnik dopravný |
| 610 | 2 | 0 | |a ceny |
| 100 | 1 | |a Eisler, Jan | |